[Event "BCF-chT3 1415 (4NCL)"]
[Site "England"]
[Date "2015.03.22"]
[Round "8.78"]
[White "Mulleady, Peter J"]
[Black "Webster, Richard J"]
[Result "1/2-1/2"]
[WhiteElo "1930"]
[BlackElo "1962"]
[PlyCount "33"]
[EventDate "2015.03.21"]
[EventType "team-swiss"]
[EventRounds "11"]
[EventCountry "ENG"]
[SourceTitle "EXT 2016"]
[Source "ChessBase"]
[SourceDate "2015.10.08"]
[SourceVersion "1"]
[SourceVersionDate "2015.10.08"]
[SourceQuality "1"]
[WhiteTeam "Manchester Manticores II"]
[BlackTeam "e2e4.org.uk III"]
[WhiteTeamCountry "ENG"]
[BlackTeamCountry "ENG"]

1. d4 e6 2. Bf4 c5 3. e3 Nc6 4. Nf3 Nf6 5. h3 d5 6. c3 Be7 7. Nbd2 0-0 8. Bd3 Nd7 9. 0-0 Re8 10. Qc2 Nf8 11. Rad1 Bd7 12. dxc5 Bxc5 13. Nb3 Bb6 14. e4 Rc8 15. Qb1 Ne7 16. Ne5 Neg6 17. Nxg6 1/2-1/2

[Event "Gibraltar Challengers-B 13th"]
[Site "Caleta"]
[Date "2015.02.02"]
[Round "3"]
[White "Mulleady, Peter J"]
[Black "Tortolero Hernandez, Cesar Aug"]
[Result "1-0"]
[WhiteElo "1908"]
[BlackElo "1937"]
[PlyCount "89"]
[EventDate "2015.01.31"]
[EventType "swiss"]
[EventRounds "5"]
[EventCountry "GGB"]
[SourceTitle "CBM 164 Extra"]
[Source "ChessBase"]
[SourceDate "2015.03.02"]
[SourceVersion "1"]
[SourceVersionDate "2015.03.02"]
[SourceQuality "1"]

1. g3 g6 2. Bg2 Bg7 3. c4 c5 4. Nc3 Nc6 5. e4 d6 6. Nge2 Nd4 7. 0-0 Nf6 8. d3 0-0 9. Nxd4 cxd4 10. Ne2 Nd7 11. f4 a5 12. Bh3 Qb6 13. Rb1 Qc5 14. f5 b5 15. fxg6 hxg6 16. b3 Qh5 17. Nf4 Qxd1 18. Rxd1 bxc4 19. bxc4 Nf6 20. Bxc8 Rfxc8 21. Nd5 Nxd5 22. exd5 Rab8 23. Bg5 Bf6 24. Bxf6 exf6 25. Kf2 Kg7 26. h4 g5 27. hxg5 fxg5 28. Kf3 Re8 29. Rxb8 Rxb8 30. Ke4 Rb2 31. Kxd4 a4 32. Kc3 Rxa2 33. d4 Rg2 34. c5 Rxg3+ 35. Kb4 Rg2 36. Kxa4 Kf6 37. Kb5 g4 38. Kc6 g3 39. Kxd6 Rc2 40. c6 Kg5 41. c7 f5 42. Kd7 f4 43. c8Q Rxc8 44. Kxc8 f3 45. d6 1-0

[Event "Gibraltar Challengers-B 13th"]
[Site "Caleta"]
[Date "2015.01.31"]
[Round "1"]
[White "Mulleady, Peter J"]
[Black "Fiori, Hector Dionisio"]
[Result "0-1"]
[WhiteElo "1908"]
[BlackElo "2066"]
[PlyCount "68"]
[EventDate "2015.01.31"]
[EventType "swiss"]
[EventRounds "5"]
[EventCountry "GGB"]
[SourceTitle "CBM 164 Extra"]
[Source "ChessBase"]
[SourceDate "2015.03.02"]
[SourceVersion "1"]
[SourceVersionDate "2015.03.02"]
[SourceQuality "1"]

1. d4 Nf6 2. Nf3 e6 3. Bf4 c5 4. c3 cxd4 5. cxd4 Qb6 6. Qb3 Qxb3 7. axb3 Nc6 8. e3 Bb4+ 9. Nbd2 d5 10. Bd3 Bd7 11. Ke2 0-0 12. h4 Ng4 13. h5 h6 14. Rh4 f5 15. Ra4 Be7 16. Ra1 Bxh4 17. Nxh4 Nb4 18. Bd6 Nxd3 19. Bxf8 Kxf8 20. Kxd3 Bb5+ 21. Kc3 Nxf2 22. Ndf3 Be8 23. Ng6+ Bxg6 24. hxg6 Ng4 25. Kd2 Ke7 26. Rc1 Kd7 27. Ne5+ Nxe5 28. dxe5 h5 29. Rh1 Rh8 30. g4 h4 31. gxf5 exf5 32. Ke2 Ke6 33. Kf2 Kxe5 34. Kg2 Rh6 0-1

[Event "BCF-chT3N 1415 (4NCL)"]
[Site "England"]
[Date "2015.01.11"]
[Round "4.76"]
[White "Mulleady, Peter J"]
[Black "Mounce, Richard B"]
[Result "1/2-1/2"]
[WhiteElo "1908"]
[BlackElo "2040"]
[PlyCount "90"]
[EventDate "2014.11.15"]
[EventType "team-swiss"]
[EventRounds "6"]
[EventCountry "ENG"]
[SourceTitle "EXT 2016"]
[Source "ChessBase"]
[SourceDate "2015.10.08"]
[SourceVersion "1"]
[SourceVersionDate "2015.10.08"]
[SourceQuality "1"]
[WhiteTeam "Manchester Manticores II"]
[BlackTeam "Jorvik"]
[WhiteTeamCountry "ENG"]
[BlackTeamCountry "ENG"]

1. d4 Nf6 2. Bf4 c5 3. d5 Qb6 4. Be5 d6 5. Bxf6 gxf6 6. b3 Bg7 7. e3 f5 8. c3 Na6 9. Ne2 Bd7 10. Nf4 Qa5 11. Qc1 Rg8 12. Be2 Nc7 13. 0-0 Nb5 14. Bxb5 Bxb5 15. Rd1 0-0-0 16. a4 Bd7 17. Ra2 Kb8 18. Qd2 Rc8 19. c4 Qxd2 20. Nxd2 Bh8 21. Nf3 Rg4 22. h3 Rgg8 23. Re2 Kc7 24. e4 fxe4 25. Rxe4 Rce8 26. Rde1 Kd8 27. Kh2 Bf5 28. R4e2 Bc3 29. Rc1 Bf6 30. Nh5 Bh8 31. Rd1 h6 32. Nh4 Bh7 33. f4 Bg6 34. Ng3 Bf6 35. Nxg6 Rxg6 36. Nh5 Bd4 37. f5 Rg5 38. g4 Be5+ 39. Kg2 Reg8 40. Kf3 Rxh5 41. gxh5 Rg3+ 42. Ke4 Rxb3 43. Rg2 Rxh3 44. Rg8+ Kc7 45. Ra8 Rh4+ 1/2-1/2

[Event "BCF-chT3 1314 (4NCL)"]
[Site "England"]
[Date "2014.05.05"]
[Round "11.80"]
[White "Balouka Myers, Reuben"]
[Black "Mulleady, Peter J"]
[Result "0-1"]
[WhiteElo "1534"]
[BlackElo "1900"]
[PlyCount "28"]
[EventDate "2013.11.16"]
[EventType "team-swiss"]
[EventRounds "11"]
[EventCountry "ENG"]
[SourceTitle "EXT 2015"]
[Source "ChessBase"]
[SourceDate "2014.11.20"]
[SourceVersion "1"]
[SourceVersionDate "2014.11.20"]
[SourceQuality "1"]
[WhiteTeam "Barnet Knights II"]
[BlackTeam "Manchester Manticores II"]
[WhiteTeamCountry "ENG"]
[BlackTeamCountry "ENG"]

1. e4 Nf6 2. e5 Nd5 3. c4 Nb6 4. d4 d6 5. f4 dxe5 6. fxe5 Nc6 7. Nf3 Bg4 8. Be3 e6 9. Be2 Bxf3 10. gxf3 Qh4+ 11. Bf2 Qh3 12. Bf1 Qh5 13. Nd2 0-0-0 14. Nb3 Bb4+ 0-1